000
00250nam a2200109Ia 4500
008
190914s9999||||xx |||||||||||||| ||und||
100
_a
Hamdy A. Taha
245
0
_a
Operations Research
260
_a
India
_b
Dorling
_c
2001
300
_a
388
942
_c
BK
999
_c
9985
_d
9985